Plan de acción nacional para la gestión de sustancias químicas en Colombia (2013-2020) : (Registro nro. 8494)
[ vista simple ]
| 000 -CABECERA | |
|---|---|
| Campo de control | 01334nam a22002537a 4500 |
| 005 - FECHA Y HORA DE LA ULTIMA TRANSACCION | |
| Campo de control | 20150708142943.0 |
| 008 - ELEMENTOS DE LONGITUD FIJA—INFORMACION GENERAL | |
| Campo de control | 110127s2013 ck gr a000 0 spa d |
| 020 ## - ISBN | |
| ISBN | 9789588491745 |
| 041 ## - IDIOMA | |
| Código de idioma para texto/pista de sonido o título separado | Español |
| 044 ## - PAÍS DE PUBLICACIÓN | |
| País de publicación | Colombia |
| 082 04 - NUMERO DE CLASIFICACION DECIMAL DEWEY | |
| Número de clasificación | 628.166 |
| Número del ítem | M66p |
| 110 1# - ASIENTO PRINCIPAL--NOMBRE CORPORATIVO | |
| Nombre corporativo o de jurisdicción como elemento de entrada | Ministerio de Ambiente y Desarrollo Sostenible |
| Unidad subordinad | Ministerio de ambiente y Desarrollo Sostenible |
| 245 10 - MENCION DE TITULO | |
| Título | Plan de acción nacional para la gestión de sustancias químicas en Colombia (2013-2020) : |
| Parte restante del título | enfoque estratégico para a gestión de sustancias químicas a nivel nacional - SAICM |
| 260 ## - PUBLICACION, DISTRIBUCION, ETC. (PIE DE IMPRENTA) | |
| Lugar de publicación, distribución, etc. | Bogotá |
| Nombre del editor, distribuidor, etc. | Universidad de Los Andes |
| -- | Ministerio de ambiente y Desarrollo Sostenible |
| Fecha de publicación, distribución, etc. | 2013 |
| 300 ## - DESCRIPCION FISICA | |
| Extensión | 39 p. |
| Otros detalles físicos | tablas |
| Dimensiones | 28 cm. |
| 505 ## - NOTA DE CONTENIDO | |
| Nota de contenido | Análisis de la situación y de las problemáticas con sustancias químicas (pag 10)<br/>Meas y objetivos (pag 14)<br/>Propuesta estratégica de aplicación (pag 15)<br/>Seguimiento al plan de acción nacional (pag 24)<br/>Conclusiones y recomendaciones (pag 25)<br/> |
| 650 17 - ASIENTO SECUNDARIO DE MATERIA - TERMINO TEMATICO | |
| Término temático o nombre geográfico como elemento de entrada | Sustancias químicas |
| Subdivisión general | Investigaciones |
| Subdivisión geográfica | Bogotá |
| 650 17 - ASIENTO SECUNDARIO DE MATERIA - TERMINO TEMATICO | |
| Término temático o nombre geográfico como elemento de entrada | Gestión ambiental |
| Subdivisión general | Investigaciones |
| Subdivisión geográfica | Colombia |
| 650 17 - ASIENTO SECUNDARIO DE MATERIA - TERMINO TEMATICO | |
| Término temático o nombre geográfico como elemento de entrada | Control ambiental |
| Subdivisión geográfica | Colombia |
| 650 17 - ASIENTO SECUNDARIO DE MATERIA - TERMINO TEMATICO | |
| Término temático o nombre geográfico como elemento de entrada | Recursos hídricos |
| Subdivisión general | Investigaciones |
| Subdivisión geográfica | Colombia |
| 700 1# - ASIENTO SECUNDARIO - NOMBRE PERSONAL | |
| Nombre personal | Suárez-Medina, Oscar Javier |
| Término de relación | ed. |
| 710 1# - ASIENTO SECUNDARIO - NOMBRE CORPORATIVO | |
| Nombre corporativo o de jurisdicción como elemento de entrada | ONUDI |
| Término de relación | textos |
| 942 ## - ELEMENTOS ADICIONALES (KOHA) | |
| Sistema de clasificación | Dewey Decimal Classification |
| Tipo de ítem | Impreso |
| Withdrawn status | Lost status | Sistema de Clasificación | Damaged status | No para préstamo | Colección | Inventariado | Ubicación Permanente | Ubicación actual | Fecha de adquisición | Fuente de Valor | Valor | Total Checkouts | Número topográfico | Inventario / Código de Barras | Date last seen | Ejemplar | Price effective from | Forma de adquisición | Tipo de material |
|---|---|---|---|---|---|---|---|---|---|---|---|---|---|---|---|---|---|---|---|
| Dewey Decimal Classification | General | Inventariado 2017 | Bogotá | Bogotá | 02/07/2014 | Instituto | 39000.00 | LB-628.166 M66p | 038128 | 02/07/2014 | Ej. 1 | 02/07/2014 | Canje | Libro |